| 000 | 00492nam a2200205Ia 4500 | ||
|---|---|---|---|
| 008 | 170918s9999 xx 000 0 und d | ||
| 020 | _a9780516235127 | ||
| 050 | _bF554 2000 | ||
| 100 | _aFitzgerald, Patrick J. | ||
| 245 | _aAnimal attack! : | ||
| 245 | _bbear attacks / | ||
| 245 | _cPatrick J. Fitzgerald. | ||
| 260 | _aNew York : | ||
| 260 | _bScholastic, | ||
| 260 | _c2000 | ||
| 300 | _a48 pages : | ||
| 300 | _bcolored illustration ; | ||
| 300 | _c22cm. | ||
| 500 | _a750 | ||
| 999 |
_c341931 _d341931 |
||